00712 a2200193 45000010006000000050017000060080041000230030015000640400040000790800086001192450022002050200018002272640045002453000019002905050087003090410008003961000019004048560095004235310520260407155805.0260407a1985 arg spa dAR-UNSa-BCEJYS aAR-UNSa-BCEJYSbspacAR-UNSa-BCEJYS a330.13xRentabilidad. Principio económico. Utilidad. Valor. Principio del valor10aSraffa y sus usos a950-43-0654-3 1aBuenos Aires :bEdiciones del IDESc1985 a102 p.c17 cm. a1. El modelo - 2. El uso Clásico - 3. El uso Necoclásico - 4. El uso Marxista  aspa1 aMonza, Alfredo41uhttps://biblioeco.unsa.edu.ar/pmb/images/libros/L128451.jpgyImagen de portadaqimage/jpeg